| 000 | 01078cam a2200337 a 4500 | ||
|---|---|---|---|
| 001 | 4275 | ||
| 003 | FISKH | ||
| 005 | 20240906094147.0 | ||
| 008 | 910501s1992 nyua j 000 1 eng | ||
| 010 | _a 91019610 | ||
| 020 | _a9780590441858 | ||
| 040 |
_aDLC _cDLC _dDLC _beng |
||
| 050 | _aPZ7 | ||
| 082 | _a813.54 | ||
| 100 | 1 | _aLewison, Wendy Cheyette. | |
| 245 | 1 | 0 |
_a"Buzz," said the bee / _cby Wendy Cheyette Lewison ; illustrated by Hans Wilhelm. |
| 260 |
_aNew York : _bScholastic, _c1992. |
||
| 300 |
_a29 unnumbered pages : _bcolor illustrations ; _c23 cm |
||
| 440 | 0 |
_aHello reader! _nLevel 1 |
|
| 500 | _a"Cartwheel Books." | ||
| 505 | _aG | ||
| 520 | _aAs one animal sits on another in an accumulating progression, the reader learns the sounds each animal makes. | ||
| 521 | 8 |
_a410
_bLexile |
|
| 521 | 8 |
_aG
_bRaz-Plus |
|
| 650 | 1 |
_aAnimal sounds _xFiction. |
|
| 650 | 1 | _aStories in rhyme. | |
| 700 | 1 |
_aWilhelm, Hans, _d1945- _eillustrator |
|
| 906 |
_a7 _bcbc _corignew _d1 _eocip _f19 _gy-gencatlg |
||
| 942 |
_2ddc _cBK _n0 |
||
| 999 |
_c4275 _d4275 |
||